Theories in social psychology / (Record no. 277366)
[ view plain ]
| 000 -LEADER | |
|---|---|
| fixed length control field | 02233cam a2200325 a 4500 |
| 001 - CONTROL NUMBER | |
| control field | 16485071 |
| 005 - DATE AND TIME OF LATEST TRANSACTION | |
| control field | 20150122145627.0 |
| 008 - FIXED-LENGTH DATA ELEMENTS--GENERAL INFORMATION | |
| fixed length control field | 100930s2011 maua b 001 0 eng |
| 010 ## - LIBRARY OF CONGRESS CONTROL NUMBER | |
| LC control number | 2010041341 |
| 020 ## - INTERNATIONAL STANDARD BOOK NUMBER | |
| International Standard Book Number | 9781444331226 (hardcover : alk. paper) |
| 020 ## - INTERNATIONAL STANDARD BOOK NUMBER | |
| International Standard Book Number | 1444331221 (hardcover : alk. paper) |
| 020 ## - INTERNATIONAL STANDARD BOOK NUMBER | |
| International Standard Book Number | 9781444331233 (pbk. : alk. paper) |
| 020 ## - INTERNATIONAL STANDARD BOOK NUMBER | |
| International Standard Book Number | 144433123X (pbk. : alk. paper) |
| 035 ## - SYSTEM CONTROL NUMBER | |
| System control number | (OCoLC)ocn667874098 |
| 040 ## - CATALOGING SOURCE | |
| Original cataloging agency | DLC |
| Transcribing agency | DLC |
| Modifying agency | YDX |
| -- | YDXCP |
| -- | CDX |
| -- | SOI |
| -- | HF9 |
| -- | DLC |
| 042 ## - AUTHENTICATION CODE | |
| Authentication code | pcc |
| 050 00 - LIBRARY OF CONGRESS CALL NUMBER | |
| Classification number | HM 1033 |
| Item number | .T434 2011 |
| 082 00 - DEWEY DECIMAL CLASSIFICATION NUMBER | |
| Classification number | 302.01 |
| 245 00 - TITLE STATEMENT | |
| Title | Theories in social psychology / |
| Statement of responsibility, etc | edited by Derek Chadee. |
| 260 ## - PUBLICATION, DISTRIBUTION, ETC. (IMPRINT) | |
| Place of publication, distribution, etc | Malden, MA : |
| Name of publisher, distributor, etc | Wiley-Blackwell, |
| Date of publication, distribution, etc | 2011. |
| 300 ## - PHYSICAL DESCRIPTION | |
| Extent | xiii, 306 pages : |
| Other physical details | illustrations ; |
| Dimensions | 25 cm. |
| 504 ## - BIBLIOGRAPHY, ETC. NOTE | |
| Bibliography, etc | Includes bibliographical references and index. |
| 505 0# - FORMATTED CONTENTS NOTE | |
| Formatted contents note | Toward freedom: reactance theory revisited / Derek Chadee -- Inconsistency in cognition: cognitive dissonance / Paul R. Nail and Kurt A. Boniecki -- Attribution theories: how people make sense of behavior / Bertram F. Malle -- The elaboration likelihood model of persuasion: thoughtful and non-thoughtful social influence / Benjamin C. Wagner and Richard E. Petty -- Social comparison: motives, standards, and mechanisms / Katja Corcoran, Jan Crusius, and Thomas Mussweiler -- Relative deprivation: understanding the dynamics of discontent / Jenny Carrillo ... [et al.] -- Evaluating fairness: critical assessment of equity theory / Denise M. Polk -- Interdependence in social interaction / Ann C. Rumble -- Self-categorization and social identification: making sense of us and them / Katharina Schmid, Miles Hewstone and Ananthi Al Ramiah -- Social categorization theories: from culture to cognition / Richard J. Crisp and Angela T. Maitner -- Symbolic interactionism: from Gestalt to cybernetics / Andreas Schneider -- Impression management: influencing perceptions of self / Meni Koslowsky and Shani Pindek. |
| 521 ## - TARGET AUDIENCE NOTE | |
| Target audience note | Psychology |
| 650 #0 - SUBJECT ADDED ENTRY--TOPICAL TERM | |
| Topical term or geographic name as entry element | Social psychology. |
| 700 1# - ADDED ENTRY--PERSONAL NAME | |
| Personal name | Chadee, Derek. |
| 906 ## - LOCAL DATA ELEMENT F, LDF (RLIN) | |
| a | 7 |
| b | cbc |
| c | orignew |
| d | 1 |
| e | ecip |
| f | 20 |
| g | y-gencatlg |
| 942 ## - ADDED ENTRY ELEMENTS (KOHA) | |
| Source of classification or shelving scheme | Library of Congress Classification |
| Koha item type | Books |
| Call number prefix | Foreign |
| Withdrawn status | Lost status | Source of classification or shelving scheme | Damaged status | Home library | Current library | Shelving location | Date acquired | Source of acquisition | Total Checkouts | Full call number | Barcode | Date last seen | Date checked out | Price effective from | Koha item type |
|---|---|---|---|---|---|---|---|---|---|---|---|---|---|---|---|
| Library of Congress Classification | College Library | College Library | General Circulation Section | 01/22/2015 | Library Fund | 2 | HM 1033 .T434 2011 | C19076 | 02/14/2019 | 02/08/2019 | 01/22/2015 | Books |